Countries shape that start with I and P. - Statistics

General Stats
  • This quiz has been taken 12 times
  • The average score is 15 of 17
Answer Stats
Picture Answer % Correct
Iceland
100%
India
100%
Indonesia
100%
Ireland
100%
Italy
100%
Iran
89%
Iraq
89%
Israel
89%
Pakistan
89%
Palau
89%
Papua New Guinea
89%
Poland
89%
Portugal
89%
Panama
78%
Paraguay
78%
Peru
78%
Philipines
78%
No matching quizzes found
Score Distribution
Percent of People with Each Score
Percentile by Number Answered
Your Score History
You have not taken this quiz